|
|
|
|
| LEADER |
01612nam a2200301 a 4500 |
| 001 |
16860699 |
| 008 |
110707s2011 ii a b 001 0 eng |
| 010 |
|
|
|a 2011028312
|
| 020 |
|
|
|a 9788132106890 (hardback)
|
| 020 |
|
|
|a 813210689X (hardback)
|
| 040 |
|
|
|a DLC
|c DLC
|d YDX
|d YDXCP
|d DKAGE
|d BWX
|d DEBBG
|d DLC
|d BD-DhAAL
|
| 042 |
|
|
|a pcc
|
| 043 |
|
|
|a a-ii---
|
| 050 |
0 |
0 |
|a HT178.I4
|b S58 2011
|
| 082 |
0 |
0 |
|a 307.3/4160954
|2 23
|
| 100 |
1 |
|
|a Sivaramakrishnan, K. C.
|q (Kallidaikurichi Chidambarakrishnan),
|d 1935-
|
| 245 |
1 |
0 |
|a Re-visioning Indian cities :
|b the urban renewal mission /
|c K.C. Sivaramakrishnan.
|
| 260 |
|
|
|a New Delhi, India ;
|a Thousand Oaks, Calif. :
|b SAGE Publications,
|c 2011.
|
| 300 |
|
|
|a xxvi, 278 p. :
|b ill. ;
|c 23 cm.
|
| 504 |
|
|
|a Includes bibliographical references and index.
|
| 541 |
|
|
|e 00025300
|
| 505 |
0 |
|
|a Policy background -- Coverage and components -- Housing and services for the urban poor -- The NURM and urban mobility -- Disconnects and deficiencies -- The reforms agenda -- Dealing with district planning -- The metro dimension -- Reinforcements for the reforms agenda -- The TAG : looking over the shoulder? -- A mission amidst many realities -- The mission's journey : thus far and the way ahead.
|
| 650 |
|
0 |
|a Urban renewal
|z India.
|
| 650 |
|
0 |
|a Urban policy
|z India.
|
| 648 |
|
7 |
|a Geschichte 2005-.
|2 swd
|
| 852 |
1 |
|
|a Ayesha Abed Library
|c General shelf.
|
| 999 |
|
|
|c 12317
|d 12317
|
| 952 |
|
|
|0 0
|1 0
|2 ddc
|4 0
|6 307_341609540000000_SIV
|7 0
|9 20375
|a BRACUL
|b BRACUL
|c GEN
|d 2012-06-04
|e karim International
|g 907.00
|l 1
|o 307.34160954 SIV
|p 3010025300
|r 2018-04-30
|s 2018-03-08
|t 1
|w 2012-06-04
|y BK
|